00803nam a22002177a 450000500170000001000150001702000260003203500140005803700090007208200060008110000240008724500420011125000060015326000480015927001210020730000210032850000460034994200200039599900190041595201510043420260514103432.0 aENG-148478 a9789395481069c400.00 aEN-132010 bDBAD aS aVohra, Rishi989077 aThe Love Story We Wrote/cRishi Vohra a1 bVishwakarma Publicationsc2023aMaharashtra a34A/1, Suyog Center, 7th floor, Gultekedi Marketyard Road, Giridhar Bhavan Chowk, e411037bPuneminfo@vpindia.co.in a256p.c20cm (pb) a...Memoirs of a Broken Heart's First Love 2ddccENhSmVOH c216149d216149 001040708FICaKGMbKGMd2026-05-14eDelivery of Books Act Divisiong400.00l0oS VOHpEN-132010r2026-05-14 10:35:15t1v400.00w2026-05-14yEN